[Event "Titled Tuesday intern op 4th July"]
[Site "Chess.com INT"]
[Date "2017.07.04"]
[Round "10"]
[White "Mamedov, Rauf"]
[Black "Reinberg, Jeff"]
[Result "1-0"]
[WhiteElo "2680"]
[BlackElo "2162"]
[PlyCount "123"]
[EventDate "2017.07.04"]
[EventType "swiss (blitz)"]
[EventRounds "10"]
[EventCountry "USA"]
[SourceTitle "EXT 2021"]
[Source "ChessBase"]
[SourceDate "2020.10.23"]
[SourceVersion "1"]
[SourceVersionDate "2020.10.23"]
[SourceQuality "1"]

1. e4 c5 2. Nf3 g6 3. d4 cxd4 4. Nxd4 Nf6 5. Nc3 d6 6. f3 Bg7 7. Be3 0-0 8. Qd2 Nc6 9. Bc4 Nd7 10. 0-0-0 Nb6 11. Be2 Ne5 12. b3 Bd7 13. h4 Rc8 14. h5 Re8 15. hxg6 hxg6 16. Bh6 Bf6 17. Bg5 Bg7 18. Bh6 Bf6 19. Rh2 Nc6 20. Be3 Nb4 21. Kb2 Qc7 22. Rdh1 a6 23. a3 Qxc3+ 24. Qxc3 Rxc3 25. Kxc3 N4d5+ 26. exd5 Nxd5+ 27. Kd2 Nxe3 28. Kxe3 e5 29. f4 exd4+ 30. Kd2 Bc6 31. Rf1 Be4 32. g4 Rc8 33. Bd3 d5 34. g5 Be7 35. Re2 Bxa3 36. Bxe4 dxe4 37. Rxe4 Bb4+ 38. Kd3 Bc5 39. Rfe1 Kg7 40. Re8 Rc7 41. Rd8 Be7 42. Rxd4 f5 43. c4 Bb4 44. Re6 a5 45. Rd5 Kf7 46. Rf6+ Kg7 47. Re6 Kf7 48. Re2 Kg7 49. Kd4 Kf7 50. c5 Kg7 51. Re8 Kf7 52. Red8 Ke7 53. Rh8 Rc6 54. Rh7+ Ke8 55. Rxb7 Ba3 56. Re5+ Kd8 57. Kc4 Rc8 58. Rg7 Bb2 59. Rg8+ Kd7 60. Rd5+ Kc7 61. Rxc8+ Kxc8 62. Rd6 1-0